01004nam a2200229 a 450000100100000000500170001000800410002702000150006804000250008310000350010824501210014326000280026430000210029249000780031350400320039150000210042350400730044471000490051783000850056695201060065199900170075700004184720201002035805.0131018s1979 sp a 000 0 spa d a8400045998 aDO-SdBNPbspacBNPHU1 aGarrido Aranda, Antonio96873010aOrganización de la Iglesia en el Reino de Granada y su proyección en Indias Siglo XVI /cAntonio Garrido Aranda. aSevilla :bCSIC,c1979. a385 p. ;c25 cm.1 aPublicaciones de la Escuela de Estudios Hispanoamericanos de Sevillav261 aBibliografía : p. 363-374 aIncluye índice aIncluye referencias bibliográficas y notas al pie de las páginas2 aEscuela de Estudios Hispanoamericanos968731 0aPublicaciones de la Escuela de Estudios Hispanoamericanos de Sevillav261967875 0010507-18MOaGRbGRcOId2013-10-18iLF1l0o p41847-10r2020-06-25w2020-06-25y1ZNo se presta c41336d41336